Royal Escape (Record no. 186913)
[ view plain ]
| 000 -LEADER | |
|---|---|
| fixed length control field | 01093 a2200169 4500 |
| 003 - CONTROL NUMBER IDENTIFIER | |
| control field | Nust |
| 005 - DATE AND TIME OF LATEST TRANSACTION | |
| control field | 20230529104950.0 |
| 040 ## - CATALOGING SOURCE | |
| Transcribing agency | Nust |
| 082 ## - DEWEY DECIMAL CLASSIFICATION NUMBER | |
| Classification number | 808.83,HEY |
| 100 ## - MAIN ENTRY--PERSONAL NAME | |
| Personal name | Heyer, Georgette |
| 9 (RLIN) | 49213 |
| 245 ## - TITLE STATEMENT | |
| Title | Royal Escape |
| Statement of responsibility, etc. | Heyer,Georgete |
| 260 ## - PUBLICATION, DISTRIBUTION, ETC. | |
| Place of publication, distribution, etc. | London |
| Name of publisher, distributor, etc. | William |
| 300 ## - PHYSICAL DESCRIPTION | |
| Extent | 545:p |
| 505 ## - FORMATTED CONTENTS NOTE | |
| Formatted contents note | Then crowning mercy (Page-1), White ladies (Page-24), A very rainy day (Page-51), Who goes there (Page-78), Royal Osk (Page-101), The sum of one thousand pound (Page-125), The weight of there kingdoms (Page-147), Soldiers soldiers are coming (Page-171), That rogue Charles stewart (Page-200), A poor tentant’s son (Page-229), I kow it is my liege (Page-254), Frank, Frank how dost thou (Page-279), Through the crown should hang upon a bush (Page-305), A paying knave (Page-333), Take notice of him to be a tall man (Page-358), I kow we are pursued (Page-376), A very hot conflict (Page-400), Caesar’s man (Page-420), Guests at heale (Page-443), I must endeavor (Page-461), Brother roundhead (Page-492), I know him well (Page-516). |
| 650 ## - SUBJECT ADDED ENTRY--TOPICAL TERM | |
| Topical term or geographic name entry element | Novel |
| 9 (RLIN) | 2525 |
| 942 ## - ADDED ENTRY ELEMENTS (KOHA) | |
| Source of classification or shelving scheme | |
| Koha item type | Book |
| Withdrawn status | Lost status | Source of classification or shelving scheme | Damaged status | Not for loan | Permanent Location | Current Location | Shelving location | Date acquired | Full call number | Barcode | Date last seen | Price effective from | Koha item type | Public note |
|---|---|---|---|---|---|---|---|---|---|---|---|---|---|---|
| Military College of Signals (MCS) | Military College of Signals (MCS) | General Stacks | 12/12/2016 | 808.83,HEY | MCS30212 | 12/08/2016 | 12/12/2016 | Book | Almirah No. 56, Shelf No.6 |
